[Event "Gibraltar ChallWk1 9th"]
[Site "Gibraltar"]
[Date "2011.01.26"]
[Round "3.19"]
[White "Carlsten, Peter"]
[Black "Haddock, Paul"]
[Result "1-0"]
[WhiteElo "2110"]
[BlackElo "1757"]
[PlyCount "55"]
[EventDate "2011.01.24"]
[EventType "swiss"]
[EventRounds "5"]
[EventCountry "GGB"]
[SourceTitle "BritBase"]
[Source "www.saund.co.uk"]
[SourceDate "2018.02.10"]
[SourceVersion "1"]
[SourceVersionDate "2018.02.10"]
[SourceQuality "1"]

1. e4 c5 2. Nf3 d6 3. d4 cxd4 4. Nxd4 Nf6 5. Nc3 a6 6. Bg5 e6 7. Qf3 Be7 8.
O-O-O Qc7 9. Qg3 Nbd7 10. h4 b5 11. Bxb5 axb5 12. Ndxb5 Qc5 13. Nxd6+ Bxd6 14.
Qxd6 Qxd6 15. Rxd6 Ke7 16. Rhd1 Ra6 17. R6d2 h6 18. Bf4 e5 19. Bg3 Bb7 20. f3
Raa8 21. b3 Rhc8 22. Kb2 Rd8 23. a4 Nh5 24. Bf2 Ndf6 25. Bc5+ Ke8 26. Nb5 Rxd2
27. Rxd2 Rc8 28. Nd6+ 1-0

[Event "Gibraltar ChallWk1 9th"]
[Site "Gibraltar"]
[Date "2011.01.26"]
[Round "3.20"]
[White "Kelly, Paul J"]
[Black "Phillips, Owen S"]
[Result "0-1"]
[WhiteElo "1924"]
[BlackElo "1992"]
[PlyCount "84"]
[EventDate "2011.01.24"]
[EventType "swiss"]
[EventRounds "5"]
[EventCountry "GGB"]
[SourceTitle "BritBase"]
[Source "www.saund.co.uk"]
[SourceDate "2018.02.10"]
[SourceVersion "1"]
[SourceVersionDate "2018.02.10"]
[SourceQuality "1"]

1. Nf3 e6 2. c4 f5 3. g3 Nf6 4. Bg2 Be7 5. Nc3 O-O 6. O-O d6 7. d4 a5 8. Qd3
Nc6 9. e4 Nb4 10. Qe2 fxe4 11. Nxe4 Nxe4 12. Qxe4 e5 13. Ne1 exd4 14. Qxd4 Bf6
15. Qd1 Be6 16. a3 Bxc4 17. axb4 Bxf1 18. Kxf1 axb4 19. Rxa8 Qxa8 20. Qd5+ Kh8
21. Qxb7 Qa1 22. Qxc7 Bd4 23. Nd3 Qa6 24. Be4 Rc8 25. Qd7 Rxc1+ 26. Kg2 Qc8 27.
Qxd6 Bc5 28. Qd5 Bf8 29. Nxc1 Qxc1 30. Qf7 Qc8 31. Bd5 Bc5 32. Qh5 Bd4 33. Be4
g6 34. Qh4 Qf8 35. f3 Bf6 36. Qf4 Qd8 37. b3 Qd4 38. h4 Qb2+ 39. Kh3 Qa1 40.
Qb8+ Kg7 41. Qb7+ Kh6 42. f4 Qd4 {White overstepped the time limit} 0-1

[Event "Gibraltar ChallWk1 9th"]
[Site "Gibraltar"]
[Date "2011.01.26"]
[Round "3.21"]
[White "Rough, Robert E"]
[Black "Lundback, Karl"]
[Result "0-1"]
[WhiteElo "1742"]
[BlackElo "1969"]
[PlyCount "63"]
[EventDate "2011.01.24"]
[EventType "swiss"]
[EventRounds "5"]
[EventCountry "GGB"]
[SourceTitle "BritBase"]
[Source "www.saund.co.uk"]
[SourceDate "2018.02.10"]
[SourceVersion "1"]
[SourceVersionDate "2018.02.10"]
[SourceQuality "1"]

1. e4 e5 2. Nf3 Nf6 3. Nc3 Bb4 4. Bc4 O-O 5. d3 d5 6. exd5 Nxd5 7. Bd2 Nxc3 8.
bxc3 Bd6 9. h3 Nc6 10. O-O Na5 11. Bb3 Nxb3 12. cxb3 Bf5 13. d4 exd4 14. cxd4
Re8 15. b4 Qd7 16. Re1 Rxe1+ 17. Qxe1 Re8 18. Qf1 Be4 19. Qe2 f6 20. Re1 Kf8
21. Qe3 Bd5 22. Qd3 Rxe1+ 23. Nxe1 Bxa2 24. Qxh7 Qe7 25. Qh8+ Bg8 26. Qh5 Bxb4
27. Bxb4 Qxb4 28. Qd1 a5 29. Nd3 a4 30. Qc1 Qd6 31. Qc5 Qxc5 32. dxc5 0-1

[Event "Gibraltar ChallWk1 9th"]
[Site "Gibraltar"]
[Date "2011.01.26"]
[Round "3.22"]
[White "Christiansen, Johan-Sebastian"]
[Black "Jorgensen, Line Jin"]
[Result "1/2-1/2"]
[WhiteElo "1955"]
[BlackElo "1892"]
[PlyCount "134"]
[EventDate "2011.01.24"]
[EventType "swiss"]
[EventRounds "5"]
[EventCountry "GGB"]
[SourceTitle "BritBase"]
[Source "www.saund.co.uk"]
[SourceDate "2018.02.10"]
[SourceVersion "1"]
[SourceVersionDate "2018.02.10"]
[SourceQuality "1"]

1. c4 Nf6 2. g3 c5 3. Bg2 g6 4. Nc3 Bg7 5. Nf3 O-O 6. d4 cxd4 7. Nxd4 Nc6 8.
O-O a6 9. h3 Rb8 10. Rb1 Nxd4 11. Qxd4 d6 12. Rd1 Be6 13. Qh4 Qc8 14. Nd5 Re8
15. Bg5 b5 16. Nxe7+ Rxe7 17. Bxf6 Bxf6 18. Qxf6 Qe8 19. cxb5 axb5 20. b3 Bf5
21. Rb2 Rxe2 22. Rxe2 Qxe2 23. Qxd6 Rc8 24. g4 Be6 25. Qd2 Qe5 26. Re1 Qb8 27.
Qe2 b4 28. Qe4 Qd6 29. Bf3 Rc3 30. Rd1 Qc7 31. Kg2 Rc2 32. Rd8+ Qxd8 33. Qxc2
Qd4 34. Qe2 Qc3 35. h4 Qd4 36. Qe3 Qb2 37. Qa7 Kg7 38. h5 gxh5 39. gxh5 h6 40.
Qa5 Qc3 41. Qb5 Bh3+ 42. Kg3 Be6 43. Qe2 Qc7+ 44. Kg2 Qf4 45. Qe4 Qg5+ 46. Kh2
Qd2 47. Qe2 Qf4+ 48. Kg2 Qg5+ 49. Kf1 Qc1+ 50. Qe1 Bh3+ 51. Ke2 Qb2+ 52. Qd2
Qe5+ 53. Kd3 Qf5+ 54. Be4 Bf1+ 55. Ke3 Qg5+ 56. f4 Qxh5 57. Qd4+ Kg8 58. Qxb4
Qe2+ 59. Kd4 Qxa2 60. Qb8+ Kg7 61. Qe5+ Kg8 62. Qe8+ Kg7 63. Bd5 Qa7+ 64. Kc3
Qa5+ 65. Kd4 Qa7+ 66. Kc3 Qa5+ 67. Kd4 Qa7+ 1/2-1/2

[Event "Gibraltar ChallWk1 9th"]
[Site "Gibraltar"]
[Date "2011.01.26"]
[Round "3.24"]
[White "Brookfield, Toby"]
[Black "Winkler, Stefan"]
[Result "1-0"]
[WhiteElo "1793"]
[BlackElo "1867"]
[PlyCount "63"]
[EventDate "2011.01.24"]
[EventType "swiss"]
[EventRounds "5"]
[EventCountry "GGB"]
[SourceTitle "BritBase"]
[Source "www.saund.co.uk"]
[SourceDate "2018.02.10"]
[SourceVersion "1"]
[SourceVersionDate "2018.02.10"]
[SourceQuality "1"]

1. f4 d5 2. Nf3 c5 3. e3 g6 4. Be2 Bg7 5. O-O Nc6 6. d3 Bg4 7. Nbd2 e6 8. h3
Bxf3 9. Nxf3 Nge7 10. Qe1 Nb4 11. Bd1 h5 12. e4 Qb6 13. Kh1 Rd8 14. f5 gxf5 15.
exf5 Nxf5 16. Ng5 Kf8 17. a3 Na6 18. Bd2 Re8 19. c3 Nb8 20. b4 cxb4 21. Rb1 h4
22. Be3 Qxe3 23. Qxe3 Nxe3 24. Rxf7+ Kg8 25. Ba4 Rf8 26. Rxb7 Rh6 27. Re1 d4
28. Bb3 Rhf6 29. cxd4 Nxg2 30. Rxe6 Rf1+ 31. Kh2 Kh8 32. Rh6+ 1-0

[Event "Gibraltar ChallWk1 9th"]
[Site "Gibraltar"]
[Date "2011.01.26"]
[Round "3.26"]
[White "Gravett, Alan D"]
[Black "Hegvik, Leif Trygve"]
[Result "1/2-1/2"]
[WhiteElo "1869"]
[BlackElo "1814"]
[PlyCount "47"]
[EventDate "2011.01.24"]
[EventType "swiss"]
[EventRounds "5"]
[EventCountry "GGB"]
[SourceTitle "BritBase"]
[Source "www.saund.co.uk"]
[SourceDate "2018.02.10"]
[SourceVersion "1"]
[SourceVersionDate "2018.02.10"]
[SourceQuality "1"]

1. g3 e5 2. Bg2 d5 3. Nf3 Nc6 4. O-O Nf6 5. d3 Be7 6. Nbd2 O-O 7. e4 dxe4 8.
dxe4 Bc5 9. c3 a5 10. Qc2 Be6 11. h3 h6 12. Kh2 Qd7 13. Nh4 Rad8 14. f4 exf4
15. gxf4 Qd3 16. Qxd3 Rxd3 17. e5 Nh5 18. Ne4 Be7 19. Nf3 Rfd8 20. Ne1 R3d7 21.
Bf3 g6 22. Be3 Ng7 23. Ng2 Nf5 24. Nf6+ 1/2-1/2

[Event "Gibraltar ChallWk1 9th"]
[Site "Gibraltar"]
[Date "2011.01.27"]
[Round "4.1"]
[White "Vinas Guerrero, Carlos A"]
[Black "Tari, Aryan"]
[Result "1/2-1/2"]
[WhiteElo "2121"]
[BlackElo "2097"]
[PlyCount "40"]
[EventDate "2011.01.24"]
[EventType "swiss"]
[EventRounds "5"]
[EventCountry "GGB"]
[SourceTitle "BritBase"]
[Source "www.saund.co.uk"]
[SourceDate "2018.02.10"]
[SourceVersion "1"]
[SourceVersionDate "2018.02.10"]
[SourceQuality "1"]

1. e4 c5 2. Nf3 d6 3. d4 cxd4 4. Nxd4 Nf6 5. Nc3 a6 6. Be3 e5 7. Nde2 Ng4 8.
Qd2 Nxe3 9. Qxe3 Be6 10. f4 f6 11. O-O-O Nd7 12. Nd5 Bxd5 13. exd5 Qa5 14. Kb1
Be7 15. Nc3 O-O 16. g4 Rac8 17. h4 Qb6 18. Rh3 Qxe3 19. Rxe3 Bd8 20. Rf3 f5
1/2-1/2

[Event "Gibraltar ChallWk1 9th"]
[Site "Gibraltar"]
[Date "2011.01.27"]
[Round "4.2"]
[White "Henriksson, Johan"]
[Black "Seyfried, Claus"]
[Result "1-0"]
[WhiteElo "2243"]
[BlackElo "2173"]
[PlyCount "79"]
[EventDate "2011.01.24"]
[EventType "swiss"]
[EventRounds "5"]
[EventCountry "GGB"]
[SourceTitle "BritBase"]
[Source "www.saund.co.uk"]
[SourceDate "2018.02.10"]
[SourceVersion "1"]
[SourceVersionDate "2018.02.10"]
[SourceQuality "1"]

1. d4 d5 2. Nf3 c6 3. g3 e6 4. Bg2 Nd7 5. O-O f5 6. Bf4 Qb6 7. b3 Ngf6 8. c4
Be7 9. c5 Qd8 10. Nc3 O-O 11. Ne5 Nxe5 12. Bxe5 Ng4 13. Bf4 e5 14. dxe5 g5 15.
Bc1 Bxc5 16. Na4 Be7 17. Bb2 b5 18. Nc3 Be6 19. h3 Nh6 20. f4 gxf4 21. gxf4 Kh8
22. e3 Rg8 23. Ne2 Bc5 24. Bd4 Qh4 25. Rf3 Bb4 26. a3 Be7 27. b4 Rg6 28. Ra2 a5
29. Nc1 Bf7 30. e6+ Kg8 31. exf7+ Kxf7 32. bxa5 Rxa5 33. Nd3 Kg8 34. Ne5 Re6
35. Qd2 Rxa3 36. Rxa3 Bxa3 37. Qa5 Bf8 38. Qa8 Ng4 39. hxg4 fxg4 40. Nxg4 1-0

[Event "Gibraltar ChallWk1 9th"]
[Site "Gibraltar"]
[Date "2011.01.27"]
[Round "4.3"]
[White "Elishev, Ivan"]
[Black "Siegmund, Rainer"]
[Result "1-0"]
[WhiteElo "2226"]
[BlackElo "2133"]
[PlyCount "83"]
[EventDate "2011.01.24"]
[EventType "swiss"]
[EventRounds "5"]
[EventCountry "GGB"]
[SourceTitle "BritBase"]
[Source "www.saund.co.uk"]
[SourceDate "2018.02.10"]
[SourceVersion "1"]
[SourceVersionDate "2018.02.10"]
[SourceQuality "1"]

1. e4 c5 2. Nf3 Nc6 3. d4 cxd4 4. Nxd4 Nf6 5. Nc3 e5 6. Ndb5 d6 7. Nd5 Nxd5 8.
exd5 Nb8 9. a4 Be7 10. Be2 O-O 11. O-O a6 12. Na3 f5 13. f4 Bf6 14. Nc4 Nd7 15.
a5 Qc7 16. fxe5 Nxe5 17. Nb6 Rb8 18. Be3 Bd7 19. c4 Rbe8 20. Qd2 Ng4 21. Bxg4
fxg4 22. Bd4 Bxd4+ 23. Qxd4 Bf5 24. Rae1 g6 25. b4 Re7 26. c5 Rfe8 27. Rxe7
Qxe7 28. Nc4 dxc5 29. bxc5 Qe2 30. Nd6 Be4 31. Nxe4 Qxe4 32. Qd2 Qe3+ 33. Qf2
Qxf2+ 34. Kxf2 Re5 35. Rd1 Kf7 36. Kg3 Re3+ 37. Kf4 Rc3 38. Ke5 Rxc5 39. Rb1
Rxa5 40. Rxb7+ Kf8 41. Kf6 Ke8 42. Ke6 1-0

[Event "Gibraltar ChallWk1 9th"]
[Site "Gibraltar"]
[Date "2011.01.27"]
[Round "4.4"]
[White "Byron, Alan M"]
[Black "Havik, Victor"]
[Result "1/2-1/2"]
[WhiteElo "2192"]
[BlackElo "2107"]
[PlyCount "95"]
[EventDate "2011.01.24"]
[EventType "swiss"]
[EventRounds "5"]
[EventCountry "GGB"]
[SourceTitle "BritBase"]
[Source "www.saund.co.uk"]
[SourceDate "2018.02.10"]
[SourceVersion "1"]
[SourceVersionDate "2018.02.10"]
[SourceQuality "1"]

1. e4 e5 2. Nf3 Nc6 3. Bb5 a6 4. Ba4 Nf6 5. O-O Be7 6. Re1 b5 7. Bb3 d6 8. c3
O-O 9. h3 Nb8 10. d4 Nbd7 11. Nbd2 Bb7 12. Bc2 Re8 13. Nf1 Bf8 14. Ng3 c6 15.
a4 Qc7 16. Bg5 h6 17. Be3 Rad8 18. Qd2 Nb6 19. axb5 Nc4 20. b6 Qxb6 21. dxe5 c5
22. Qe2 Nxe5 23. Nxe5 Rxe5 24. f3 d5 25. f4 Ree8 26. e5 d4 27. Ba4 dxe3 28.
exf6 Re6 29. f5 Rxf6 30. Rad1 Rfd6 31. Nf1 Rxd1 32. Rxd1 Rxd1 33. Bxd1 c4 34.
Kh1 Bc5 35. Qxc4 Qxb2 36. Be2 Qb6 37. Bh5 Qc7 38. Nxe3 Qe7 39. Bxf7+ Kh8 40.
Nf1 Qe1 41. f6 Bxg2+ 42. Kh2 Bxf1 43. Qxc5 Qe2+ 44. Kg3 Qg2+ 45. Kf4 Qg5+ 46.
Qxg5 hxg5+ 47. Kxg5 gxf6+ 48. Kxf6 1/2-1/2

[Event "Gibraltar ChallWk1 9th"]
[Site "Gibraltar"]
[Date "2011.01.27"]
[Round "4.5"]
[White "Osuna Vega, Enrique"]
[Black "Meskovs, Nikita"]
[Result "0-1"]
[WhiteElo "2140"]
[BlackElo "2243"]
[PlyCount "81"]
[EventDate "2011.01.24"]
[EventType "swiss"]
[EventRounds "5"]
[EventCountry "GGB"]
[SourceTitle "BritBase"]
[Source "www.saund.co.uk"]
[SourceDate "2018.02.10"]
[SourceVersion "1"]
[SourceVersionDate "2018.02.10"]
[SourceQuality "1"]

1. d4 Nf6 2. Nf3 g6 3. c4 c5 4. Nc3 Bg7 5. e4 O-O 6. Be2 d6 7. O-O cxd4 8. Nxd4
Nc6 9. Be3 Bd7 10. Qd2 a6 11. f4 Rb8 12. a4 Re8 13. f5 Qa5 14. fxg6 hxg6 15. c5
Nxd4 16. Bxd4 Nxe4 17. Qe3 Bxd4 18. Qxd4 Nxc3 19. Bc4 d5 20. bxc3 dxc4 21. Qxd7
Qxc5+ 22. Kh1 Red8 23. Qg4 b5 24. axb5 axb5 25. Rae1 Rb6 26. Qh4 Rd7 27. Rxf7
Kxf7 28. Qh7+ Kf6 29. Qh8+ Kg5 30. g3 Qd5+ 31. Kg1 Kf5 32. Qh4 g5 33. Qh7+ Kg4
34. Re4+ Kf3 35. Re1 Rf6 36. Qc2 Kg4 37. h3+ Kxh3 38. Qh7+ Kxg3 39. Qh2+ Kg4
40. Qe2+ Qf3 41. Qd1 0-1

[Event "Gibraltar ChallWk1 9th"]
[Site "Gibraltar"]
[Date "2011.01.27"]
[Round "4.6"]
[White "Dasaolu, Adeoye"]
[Black "Zygouris, Hristos"]
[Result "0-1"]
[WhiteElo "2107"]
[BlackElo "2215"]
[PlyCount "88"]
[EventDate "2011.01.24"]
[EventType "swiss"]
[EventRounds "5"]
[EventCountry "GGB"]
[SourceTitle "BritBase"]
[Source "www.saund.co.uk"]
[SourceDate "2018.02.10"]
[SourceVersion "1"]
[SourceVersionDate "2018.02.10"]
[SourceQuality "1"]

1. Nf3 d6 2. d4 f5 3. Nc3 Nf6 4. Bg5 g6 5. Bxf6 exf6 6. g3 d5 7. e3 Be6 8. Ne2
Qd7 9. c3 Nc6 10. Qa4 Ne5 11. Qxd7+ Nxd7 12. Bg2 Bf7 13. h4 h5 14. Nf4 c6 15.
Ke2 Nb6 16. Rhc1 Nc8 17. Rc2 Nd6 18. b3 Kd7 19. Rac1 Ne4 20. c4 Ba3 21. Rb1 Bb4
22. Rbc1 Ba3 23. Rb1 b6 24. Ne1 Bd6 25. cxd5 cxd5 26. Rbc1 Rac8 27. Bxe4 fxe4
28. Rxc8 Rxc8 29. Rxc8 Kxc8 30. Nc2 g5 31. hxg5 fxg5 32. Nh3 Be7 33. Ng1 Bg6
34. Ne1 a5 35. a4 Kc7 36. Nc2 Bf5 37. Ne1 Bd6 38. Nc2 Bg4+ 39. Ke1 Kd7 40. Ne2
h4 41. gxh4 gxh4 42. Nf4 Bf3 43. Kd2 Bxf4 44. exf4 h3 0-1

[Event "Gibraltar ChallWk1 9th"]
[Site "Gibraltar"]
[Date "2011.01.27"]
[Round "4.7"]
[White "Hamer, Martyn"]
[Black "Jaunooby, Ali R"]
[Result "0-1"]
[WhiteElo "2041"]
[BlackElo "2207"]
[PlyCount "150"]
[EventDate "2011.01.24"]
[EventType "swiss"]
[EventRounds "5"]
[EventCountry "GGB"]
[SourceTitle "BritBase"]
[Source "www.saund.co.uk"]
[SourceDate "2018.02.10"]
[SourceVersion "1"]
[SourceVersionDate "2018.02.10"]
[SourceQuality "1"]

1. e4 g6 2. d4 Bg7 3. Nf3 d6 4. c4 Bg4 5. Be2 Nc6 6. Be3 e5 7. d5 Bxf3 8. Bxf3
Nd4 9. Nc3 c5 10. dxc6 bxc6 11. O-O Ne7 12. b4 O-O 13. a4 Qd7 14. b5 Rac8 15.
Rc1 c5 16. g3 f5 17. exf5 Nxf3+ 18. Qxf3 gxf5 19. Nd5 Ng6 20. Kh1 e4 21. Qh5
Ne5 22. Bg5 Rce8 23. a5 Rf7 24. Rc2 Nf3 25. Rb1 Rb8 26. Bf4 Qe6 27. Ra2 Be5 28.
Qh6 Qg6 29. Qxg6+ hxg6 30. Bxe5 Nxe5 31. Ra4 g5 32. Kg2 g4 33. b6 Nc6 34. a6
Nb4 35. Nxb4 Rxb6 36. Rb2 Rf8 37. Rb1 Rf7 38. Rb2 Rf8 39. Nd3 exd3 40. Rxb6
axb6 41. a7 Ra8 42. Kf1 d5 43. cxd5 b5 44. Ra6 c4 45. Ke1 c3 46. d6 Kf7 47. Rc6
b4 48. Rc7+ Ke6 49. d7 b3 50. Rxc3 b2 51. Rb3 Kxd7 52. Rxb2 Rxa7 53. Kd2 Ra3
54. Rb4 Ke6 55. Rd4 Ra2+ 56. Ke3 Re2+ 57. Kxd3 Rxf2 58. Ra4 Rxh2 59. Ra6+ Ke5
60. Ra5+ Kf6 61. Ke3 Kg5 62. Ra8 Rg2 63. Rg8+ Kf6 64. Kf4 Rf2+ 65. Ke3 Rf3+ 66.
Ke2 Rxg3 67. Kf2 Ra3 68. Rb8 Kg5 69. Rb7 f4 70. Rg7+ Kf5 71. Rb7 Ra2+ 72. Kf1
g3 73. Rf7+ Kg4 74. Rb7 Ra1+ 75. Ke2 f3+ 0-1

[Event "Gibraltar ChallWk1 9th"]
[Site "Gibraltar"]
[Date "2011.01.27"]
[Round "4.8"]
[White "Urbina Perez, Juan Antonio"]
[Black "Helin, Mikael"]
[Result "1-0"]
[WhiteElo "2189"]
[BlackElo "1914"]
[PlyCount "83"]
[EventDate "2011.01.24"]
[EventType "swiss"]
[EventRounds "5"]
[EventCountry "GGB"]
[SourceTitle "BritBase"]
[Source "www.saund.co.uk"]
[SourceDate "2018.02.10"]
[SourceVersion "1"]
[SourceVersionDate "2018.02.10"]
[SourceQuality "1"]

1. e4 c5 2. Nf3 Nc6 3. d4 cxd4 4. Nxd4 a6 5. Nc3 e6 6. Be3 Qc7 7. Qd2 Nf6 8. f3
Ne5 9. O-O-O b5 10. Bf4 Bb4 11. Bxe5 Qxe5 12. Nc6 Bxc3 13. Nxe5 Bxd2+ 14. Rxd2
O-O 15. c4 Rb8 16. b3 Rb7 17. Kb2 Rc7 18. Rd6 Ne8 19. Rb6 f5 20. exf5 Rxf5 21.
Ng4 h5 22. Nf2 Re5 23. cxb5 axb5 24. Bxb5 Rec5 25. Bd3 d5 26. Re1 Kf7 27. Nh3
d4 28. Nf4 Rg5 29. h4 Rg3 30. Re2 Re7 31. Nxh5 Rg6 32. Bxg6+ Kxg6 33. Ng3 Nf6
34. Rd6 d3 35. Re3 Bb7 36. Rexe6 Rc7 37. Rxd3 Kf7 38. Red6 Re7 39. Rd2 g6 40.
R2d4 Bc8 41. Rf4 Re6 42. Ne4 1-0

[Event "Gibraltar ChallWk1 9th"]
[Site "Gibraltar"]
[Date "2011.01.27"]
[Round "4.9"]
[White "Daoudi, Kamal"]
[Black "Jameson, David"]
[Result "0-1"]
[WhiteElo "2155"]
[BlackElo "2054"]
[PlyCount "108"]
[EventDate "2011.01.24"]
[EventType "swiss"]
[EventRounds "5"]
[EventCountry "GGB"]
[SourceTitle "BritBase"]
[Source "www.saund.co.uk"]
[SourceDate "2018.02.10"]
[SourceVersion "1"]
[SourceVersionDate "2018.02.10"]
[SourceQuality "1"]

1. e4 c6 2. d4 d5 3. Nc3 dxe4 4. Nxe4 Bf5 5. Nc5 Nd7 6. Nxb7 Qc7 7. Nc5 Nxc5 8.
dxc5 Nf6 9. Bd3 Rd8 10. Qf3 Bxd3 11. cxd3 e6 12. Ne2 Bxc5 13. O-O O-O 14. b3
Qe5 15. d4 Bxd4 16. Nxd4 Qxd4 17. Ba3 Rfe8 18. Qxc6 Qd5 19. Qxd5 Nxd5 20. Rac1
Rc8 21. Rfd1 h6 22. Bc5 a6 23. Rd4 Red8 24. Kf1 f6 25. Ke2 Kf7 26. g3 g5 27. b4
Rc6 28. Rdc4 Rdc8 29. a3 e5 30. Rd1 Ke6 31. Rcc1 a5 32. Kd2 Rd8 33. bxa5 Nf4+
34. Ke3 Rxd1 35. Rxd1 Nd5+ 36. Rxd5 Kxd5 37. Bb4 f5 38. Kd3 h5 39. h4 g4 40.
Ke3 Rc2 41. Be1 Rc8 42. Kd3 Rb8 43. Kc3 Rb5 44. a4 Rxa5 45. Kb4 Ra8 46. Kb5
Rb8+ 47. Ka6 Kc6 48. Ka7 Rb7+ 49. Ka6 f4 50. a5 fxg3 51. fxg3 e4 52. Bf2 Rb3
53. Ka7 e3 54. Be1 e2 0-1

[Event "Gibraltar ChallWk1 9th"]
[Site "Gibraltar"]
[Date "2011.01.27"]
[Round "4.10"]
[White "Zanetti, Bruno"]
[Black "Kandic, Milan"]
[Result "1-0"]
[WhiteElo "2017"]
[BlackElo "2143"]
[PlyCount "87"]
[EventDate "2011.01.24"]
[EventType "swiss"]
[EventRounds "5"]
[EventCountry "GGB"]
[SourceTitle "BritBase"]
[Source "www.saund.co.uk"]
[SourceDate "2018.02.10"]
[SourceVersion "1"]
[SourceVersionDate "2018.02.10"]
[SourceQuality "1"]

1. d4 d6 2. c4 g6 3. Nc3 Bg7 4. e4 Nc6 5. Be3 e5 6. d5 Nce7 7. g4 Nf6 8. Be2 h6
9. h3 a6 10. Qd2 g5 11. f3 Ng6 12. Bf1 Nf4 13. h4 Qe7 14. hxg5 hxg5 15. Rxh8+
Bxh8 16. Qh2 Bg7 17. O-O-O Bd7 18. b4 b6 19. Qb2 a5 20. a3 axb4 21. axb4 Kf8
22. Nge2 Qd8 23. c5 bxc5 24. bxc5 dxc5 25. Bxc5+ Kg8 26. Nxf4 exf4 27. e5 Rb8
28. Qh2 Nxg4 29. fxg4 Bxe5 30. Bd3 f5 31. Rh1 Bg7 32. Qh7+ Kf7 33. Bxf5 Bxf5
34. Qxf5+ Qf6 35. Qxf6+ Bxf6 36. Ne4 Kg6 37. Kc2 Rb2+ 38. Kd3 Rg2 39. Rg1 Rh2
40. Nf2 Rh8 41. Re1 Kf7 42. Re6 Rb8 43. Ke4 Rd8 44. Nd3 1-0

[Event "Gibraltar ChallWk1 9th"]
[Site "Gibraltar"]
[Date "2011.01.27"]
[Round "4.11"]
[White "Phillips, Owen S"]
[Black "Lanier, Nicholas"]
[Result "1-0"]
[WhiteElo "1992"]
[BlackElo "2203"]
[PlyCount "69"]
[EventDate "2011.01.24"]
[EventType "swiss"]
[EventRounds "5"]
[EventCountry "GGB"]
[SourceTitle "BritBase"]
[Source "www.saund.co.uk"]
[SourceDate "2018.02.10"]
[SourceVersion "1"]
[SourceVersionDate "2018.02.10"]
[SourceQuality "1"]

1. e4 Nf6 2. e5 Nd5 3. c4 Nb6 4. d4 d6 5. exd6 cxd6 6. h3 g6 7. Be3 Bg7 8. Nf3
O-O 9. Qd2 Bf5 10. Nc3 Nc6 11. Be2 e5 12. d5 Nb4 13. Rc1 Rc8 14. a3 e4 15. Nxe4
Bxe4 16. Qxb4 Re8 17. O-O Nd7 18. Nd2 Bf5 19. g4 Rxe3 20. fxe3 Qg5 21. Rc3 Bxc3
22. Qxc3 Ne5 23. Nf3 Nxf3+ 24. Bxf3 h5 25. h4 Qxh4 26. gxf5 Rxc4 27. Qd2 Qg5+
28. Kf2 Qxf5 29. e4 Qe5 30. Rc1 Rd4 31. Qh6 Qh2+ 32. Bg2 Qh4+ 33. Ke3 Qg3+ 34.
Kxd4 Qf2+ 35. Kc3 1-0

[Event "Gibraltar ChallWk1 9th"]
[Site "Gibraltar"]
[Date "2011.01.27"]
[Round "4.12"]
[White "Marder, Simon"]
[Black "Carlsten, Peter"]
[Result "1-0"]
[WhiteElo "1990"]
[BlackElo "2110"]
[PlyCount "39"]
[EventDate "2011.01.24"]
[EventType "swiss"]
[EventRounds "5"]
[EventCountry "GGB"]
[SourceTitle "BritBase"]
[Source "www.saund.co.uk"]
[SourceDate "2018.02.10"]
[SourceVersion "1"]
[SourceVersionDate "2018.02.10"]
[SourceQuality "1"]

1. Nc3 d5 2. d4 f5 3. e4 dxe4 4. Bg5 Nc6 5. Bb5 Bd7 6. f3 Nf6 7. Qd2 exf3 8.
Nxf3 Ne4 9. Nxe4 fxe4 10. Qf4 exf3 11. Bc4 Qc8 12. O-O Nd8 13. Qxf3 Be6 14. d5
Bg4 15. Qg3 Bh5 16. h3 h6 17. Bxe7 Bxe7 18. Qxg7 Nf7 19. d6 Nxd6 20. Rae1 1-0

[Event "Gibraltar ChallWk1 9th"]
[Site "Gibraltar"]
[Date "2011.01.27"]
[Round "4.14"]
[White "Lundback, Karl"]
[Black "Haga, Halvor"]
[Result "0-1"]
[WhiteElo "1969"]
[BlackElo "2024"]
[PlyCount "82"]
[EventDate "2011.01.24"]
[EventType "swiss"]
[EventRounds "5"]
[EventCountry "GGB"]
[SourceTitle "BritBase"]
[Source "www.saund.co.uk"]
[SourceDate "2018.02.10"]
[SourceVersion "1"]
[SourceVersionDate "2018.02.10"]
[SourceQuality "1"]

1. e4 Nf6 2. d3 d5 3. Nd2 dxe4 4. dxe4 e5 5. Ngf3 Bc5 6. Bd3 O-O 7. O-O Nc6 8.
Nb3 Bb6 9. Bg5 h6 10. Bh4 Bg4 11. h3 Bh5 12. c3 Qd6 13. Qe2 Nd8 14. Bg3 Nd7 15.
Rad1 Qf6 16. Bc4 Nc5 17. Nxc5 Bxc5 18. Rd5 Bd6 19. Rfd1 Ne6 20. Qe3 Bxf3 21.
Qxf3 Qxf3 22. gxf3 Ng5 23. Kg2 Rae8 24. a3 Kh8 25. b4 f5 26. h4 Ne6 27. exf5
Rxf5 28. R5d2 Nf4+ 29. Kg1 e4 30. fxe4 Rxe4 31. Bd5 Nxd5 32. Bxd6 Nxc3 33. Bg3
Nxd1 34. Rxd1 Re7 35. Rd8+ Kh7 36. Rd3 c6 37. Rc3 Kg6 38. Rd3 a5 39. bxa5 Rxa5
40. Kg2 Rd5 41. Rb3 b5 0-1

[Event "Gibraltar ChallWk1 9th"]
[Site "Gibraltar"]
[Date "2011.01.27"]
[Round "4.15"]
[White "Hauge, Lars Oskar"]
[Black "Obiamiwe, Paul"]
[Result "1/2-1/2"]
[WhiteElo "1942"]
[BlackElo "2015"]
[PlyCount "77"]
[EventDate "2011.01.24"]
[EventType "swiss"]
[EventRounds "5"]
[EventCountry "GGB"]
[SourceTitle "BritBase"]
[Source "www.saund.co.uk"]
[SourceDate "2018.02.10"]
[SourceVersion "1"]
[SourceVersionDate "2018.02.10"]
[SourceQuality "1"]

1. e4 c5 2. Nf3 d6 3. d4 cxd4 4. Nxd4 Nf6 5. Nc3 a6 6. Bg5 e6 7. f4 Be7 8. Qf3
Qc7 9. O-O-O Nbd7 10. g4 b5 11. Bxf6 Nxf6 12. g5 Nd7 13. f5 Bxg5+ 14. Kb1 Ne5
15. Qh5 Bf6 16. Nxe6 Bxe6 17. fxe6 g6 18. Nd5 Qd8 19. exf7+ Nxf7 20. Qe2 Bg7
21. h4 O-O 22. h5 g5 23. Bh3 h6 24. Rhf1 Ne5 25. Rxf8+ Bxf8 26. Rf1 Bg7 27. Bf5
Ra7 28. Ne3 Qb6 29. Be6+ Kh7 30. Qf2 Ra8 31. Qf5+ Kh8 32. Nd5 Qd8 33. Ne3 Qb6
34. Nd5 Qd8 35. c3 Nc4 36. Nf6 Qxf6 37. Qxf6 Bxf6 38. Bxc4 Kg7 39. Be2 1/2-1/2

[Event "Gibraltar ChallWk1 9th"]
[Site "Gibraltar"]
[Date "2011.01.27"]
[Round "4.16"]
[White "Sommerhalder, Eric"]
[Black "Annetts, Ivor S"]
[Result "1-0"]
[WhiteElo "2000"]
[BlackElo "1890"]
[PlyCount "71"]
[EventDate "2011.01.24"]
[EventType "swiss"]
[EventRounds "5"]
[EventCountry "GGB"]
[SourceTitle "BritBase"]
[Source "www.saund.co.uk"]
[SourceDate "2018.02.10"]
[SourceVersion "1"]
[SourceVersionDate "2018.02.10"]
[SourceQuality "1"]

1. e4 c5 2. Nf3 Nc6 3. d4 cxd4 4. Nxd4 Nf6 5. Nc3 e5 6. Ndb5 d6 7. Bg5 a6 8.
Na3 b5 9. Bxf6 gxf6 10. Nd5 f5 11. Bxb5 axb5 12. Nxb5 Ra4 13. b4 Rxb4 14. Nbc7+
Kd7 15. O-O Ne7 16. Qh5 Nxd5 17. Nxd5 Rb7 18. exf5 f6 19. a4 Be7 20. a5 Qe8 21.
Qf3 Kd8 22. a6 Ra7 23. Qe3 Qd7 24. Qb6+ Ke8 25. Rfd1 Kf7 26. Rd3 Bd8 27. Qb3
Kf8 28. Qc4 Bxa6 29. Rxa6 Qb7 30. Rda3 Rxa6 31. Rxa6 Be7 32. g3 h5 33. Qc6 Qxc6
34. Rxc6 Rh7 35. Rc8+ Kf7 36. Nxe7 1-0